Statistiques concernant Raymond Célèbres

Cliquez ici pour prendre le quiz!

Statistiques générales

  • Ce quiz a été pris 124 fois
  • Le résultat moyen est 5 sur 10

Statistiques - réponses

DescriptifRéponse% Correct
Éternel second.Poulidor
79%
Entraineur de l'équipe de France de football masculine de 2004 à 2010.Domenech
78%
Premier Ministre français sous Valéry Giscard d'Estaing.Barre
70%
Président de la République Française lors de la Première Guerre Mondiale.Poincaré
70%
Humoriste adepte des jeux de mots, du non-sens et de la rime.Devos
69%
Footballeur français d'origine polonaise, Ballon d'Or en 1958.Kopa
65%
Cofondateur de l'Oulipo, auteur de Zazie dans le métro.Queneau
49%
Avec sa femme, forme le couple de résistants français le plus connu.Aubrac
38%
Écrivain parisien décédé à 20 ans en 1923, auteur de Le Diable au corps.Radiguet
18%
Compositeur des musiques des films La Soupe aux Choux, Les Grandes Vacances
ou encore Le Gendarme de Saint-Tropez.
Lefebvre
7%

Distribution des résultats

Percentile par nombre de réponses

% des personnes avec chaque résultat

Votre développement - résultats

Vous n’avez pas pris ce quiz